Podľa firemných výsledkov sprostredkovatelia klesajú

Analýza hospodárskych výsledkov sprostredkovateľov, ktorí ku koncu minulého roka pôsobili aspoň v štyroch sektoroch podľa zákona o finančnom sprostredkovaní a poradenstve.

Na minha lista:
Detalhes bibliográficos
Autor principal: Škriniar, Pavel, 1979-
Formato: Capítulo de Livro
Idioma:eslovaco
Assuntos:
Tags: Adicionar Tag
Sem tags, seja o primeiro a adicionar uma tag!

MARC

LEADER 00000naa a2200000 4500
001 0148607
005 20240502072655.3
041 0 |a slo 
044 |a SK 
245 1 0 |a Podľa firemných výsledkov sprostredkovatelia klesajú  |c Pavel Škriniar 
520 |a Analýza hospodárskych výsledkov sprostredkovateľov, ktorí ku koncu minulého roka pôsobili aspoň v štyroch sektoroch podľa zákona o finančnom sprostredkovaní a poradenstve. 
610 2 0 |a spoločnosti finančné 
610 2 0 |a poradenstvo investičné 
610 2 0 |a poradcovia finanční 
610 2 0 |a poradenstvo finančné 
610 2 0 |a sprostredkovatelia 
610 2 0 |a služby podnikateľské 
100 1 |a Škriniar, Pavel, 1979-